000 03634nam a2200457Ia 4500
001 dia_6115
003 CHAP
005 20241108182913.0
007 ta
008 220601s2009 mx bde frm 001 0 spa d
040 _amxchpua
_cCHAP
_erda
041 0 _aspa
_beng
090 _aTesis
_bH472
_c2009
100 1 _aHernández Obregón, Susana Maribel
240 1 0 _aFeasibility study for the economic-technical installation for packing of a lemon persian (Citrus latifolia) in the municipality of Martinez de la Torre.
_lEspañol
245 1 0 _aEstudio de factiblidad técnico-económico para la instalación de una empacadora de limón persa en el municipio de Martínez de la Torre, Veracruz /
_cSusana Maribel Hernández Obregón
264 _aChapingo, México :
_bEl autor,
_c2009
300 _aviii, 100 hojas :
_bmapas, gráficas, diagramas, tablas, planos +
_e1 CD-ROM
336 _2rdacontent
_atexto
_btxt
337 _2rdamedia
_ano mediado
_bn
338 _2rdacarrier
_avolumen
_bnc
500 _aEl CD contiene reporte
502 _aFormulación Evaluación de Proyectos
_b(Ingeniero Agroindustrial) --
_cUACh. Departamento de Ingeniería Agroindustrial,
_d2009
504 _aBibliografía: hojas 83-85
505 0 _a1 plano -- 1. Planta arquitectónica y planta alta oficinas (Esc. 1:100)
520 3 _aEl presente trabajo se integró con un conjunto de antecedentes técnicos y económicos, para determinar la factibilidad, rentabilidad y nivel de riesgo sobre el establecimiento de una empacadora de limón persa (Citrus latifolia tanaka) en el municipio de Martínez de la Torre Ver. Que es un municipio con una alta producción de este cítrico; el estudio nos permite concluir que existe factibilidad técnica y económica para el establecimiento de una empacadora. La inversión total necesaria para este proyecto es de $6.49 millones de pesos. Los indicadores financieros obtenidos fueron una TIR=191%, VAN: $1.5 millones de pesos. Además se hicieron análisis de sensibilidad que demuestra que el proyecto resulta poco susceptible al aumento de insumos y a la baja de precios de venta, por lo cual se puede dictaminar que el proyecto es técnica y económicamente viable. --
520 3 _aThis work is integrated with a set of technical and economic background, to determine the feasibility, profitability and risk level on the establishment of a packing Persian lemon (Citrus latifolia) in the town of Martinez de la Torre is a View municipality with a high production of citrus, the study allows us to conclude that there is technical and economic feasibility for the establishment of a packing The total investment required for this project is $ 6.49 million pesos The financial indicators were obtained an TIR = 1.91%, VAN: $ 1.5 million pesos. It also did sensitivity analysis demonstrates that the project is not very susceptible to higher inputs and lower selling prices, so you can determine that the project is technically and economically feasible.
650 1 3 _aLimones
_xEnvasado
_2atg
650 1 3 _aIniciativa empresarial
_zMéxico
_zVeracruz
_2atg
650 1 3 _aLemons
_xPackaging
_2atg
650 1 3 _aEntrepreneurship
_zMexico
_zVeracruz
_2atg
700 1 _aPonce Hernández, Pedro
_edirector
700 1 _aCovarrubias Gutiérrez, Ignacio
_easesor
700 1 _aGarcía Chávez, Luis Ramiro
_easesor
856 4 1 _uhttp://10.13.5.2/tesis/108660.pdf
_yDESCARGAR PDF
901 _aTESIS H472 2009
902 _aM
905 _a5232272009 mx enl 8223123322spa16
942 _cTESIS
_2Clasificación Universidad Autónoma Chapingo
999 _c209646
_d209646